Countries Which Have Hosted the Summer AND Winter Olympics - Statistics

General Stats
  • This quiz has been taken 55,717 times
  • The average score is 7 of 8
Answer Stats
# Summer # Winter Country % Correct
5 4 United States
99%
3 3 France
95%
1 1 China
93%
1 2 Canada
92%
2 2 Japan
92%
2 1 Germany
90%
1 3 Italy
86%
1 1 South Korea
72%
No matching quizzes found
Score Distribution
Percent of People with Each Score
Percentile by Number Answered
Your Score History
You have not taken this quiz